Central Library OPAC University of Rajshahi

শিক্ওআহ ও জওআব-ই-শিক্ওআহ্ / (Record no. 48681)

MARC details
000 -LEADER
fixed length control field 01080nam a2200253 a 4500
001 - CONTROL NUMBER
control field 48681
003 - CONTROL NUMBER IDENTIFIER
rucl marc code BD-RjUL
005 - DATE AND TIME OF LATEST TRANSACTION
control field 20211209054552.0
008 - FIXED-LENGTH DATA ELEMENTS--GENERAL INFORMATION
fixed length control field 160816s1964 bg ||||| |||| 00| p ben d
020 ## - INTERNATIONAL STANDARD BOOK NUMBER
Terms of availability : Rs. 2.50
035 ## - SYSTEM CONTROL NUMBER
System control number (BD-RjUL)48800
040 ## - CATALOGING SOURCE
Original cataloging agency BD-RjUL
Language of cataloging ben
Transcribing agency BD-RjUL
041 ## - LANGUAGE CODE
Language code of text/sound track or separate title ben
082 ## - DEWEY DECIMAL CLASSIFICATION NUMBER
Edition number 23
Classification number 891.4391
Author mark and year IQS 1964
100 ## - MAIN ENTRY--PERSONAL NAME
Personal name ইকবাল, মুহম্মদ
9 (RLIN) 122528
245 10 - TITLE STATEMENT
Title শিক্ওআহ ও জওআব-ই-শিক্ওআহ্ /
Statement of responsibility, etc. মুহম্মদ ইকবাল ; অনুবাদ : মুহম্মদ শহীদুল্লাহ্
250 ## - EDITION STATEMENT
Edition statement পরিবর্তিত নতুন সং.
260 ## - PUBLICATION, DISTRIBUTION, ETC. (IMPRINT)
Place of publication, distribution, etc. ঢাকা :
Name of publisher, distributor, etc. রেণেসা প্রিন্টার্স,
Date of publication, distribution, etc. ১৯৬৪
300 ## - PHYSICAL DESCRIPTION
Pagination [১২], ৯২ পৃ. ;
Size ১৭ সেমি
650 ## - SUBJECT ADDED ENTRY--TOPICAL TERM
Topical term or geographic name as entry element ইসলামি কবিতা, উর্দূ
9 (RLIN) 123540
Topical term or geographic name as entry element Islamic poetry, Urdu.
9 (RLIN) 146952
700 ## - ADDED ENTRY--PERSONAL NAME
Personal name শহীদুল্লাহ্, মুহম্মদ, অনুবাদক
942 ## - ADDED ENTRY ELEMENTS (KOHA)
Source of classification or shelving scheme Dewey Decimal Classification
Koha item type Books
Holdings
Lost status Source of classification or shelving scheme Damaged status Not for loan Collection code Permanent Location Current Location Shelving location Date acquired Source of acquisition Cost, normal purchase price Total Checkouts Full call number Date last seen Date checked out Copy number Koha item type
  Dewey Decimal Classification     Non-fiction Central Library, University of Rajshahi Central Library, University of Rajshahi   12/06/1968 Nawroge 2.40 1 B 891.4391 IQS 1964 10/07/2017 27/04/2017 C-2 Books